Co to za minerał? #3 - Statystyki

Ogólne statystyki
  • Ten quiz został rozwiązany 58 razy
  • Średni wynik to 3 z 24
Statystyki odpowiedzi
Obrazkowy Hint Odpowiedź % Poprawnych
siarczan Ba Baryt / Spat
100%
kwaśna skała wylewna o składzie podobnym do granitu Ryolit / Riolit / Liparyt
50%
kwaśna skała magmowa tworząca żyły w innych skałach Aplit
25%
krzemian Ca, Mg, Fe i in. Augit
25%
uwodniony krzemian Cu Dioptaz
25%
ultrazasadowa skała głebinowa Dunit
25%
siarczan Ca i Na Glauberyt
25%
uwodniony krzemian K i Al Illit
25%
węglan Fe(II) Syderyt
25%
Adinol
0%
Agalmatolit / Pagodyt
0%
węglan Ca i Fe Ankeryt
0%
glinokrzemian Ca Anortyt
0%
rodz. meteorytu kamiennego Chondryt
0%
krzemian Mg Diallag
0%
na kwarcu Dygenit
0%
inaczej sól gorzka rodzima Epsomit
0%
odmiana wodorotlenku Al Gibbsyt
0%
żelaziak tytanowy Ilmenit
0%
Melit
0%
glinokrzemian Na i K Nefelin
0%
zielona odmiana chalcedonu Praz / Prazem
0%
glinokrzemian K Sanidyn
0%
odmiana Bazaltu Toleit
0%
Nie znaleziono quizów pasujących do podanych kryteriów
Rozkład punktacji
Procent ludzi z każdym wynikiem
Percentyl według liczby udzielonych odpowiedzi
Twoja historia wyników
Nie rozwiązałeś tego quizu